| 000 | 01673nam0a2200361 4500 | ||
|---|---|---|---|
| 001 | RU\NLR\bibl\978994 | ||
| 005 | 20260406162556.0 | ||
| 010 |
_a5-699-15949-5 _bВ пер. _94100 |
||
| 021 |
_aRU _b2006-38411 _91930 |
||
| 035 | _a(nilc)RSL-KNO-002904431 | ||
| 035 | _a(NLR Aleph) 000966903 | ||
| 090 |
_a374761 _c374761 |
||
| 100 | _a20060622d2006 |||y0rusy50 ca | ||
| 101 | 1 |
_arus _cfre |
|
| 102 | _aRU | ||
| 105 | _ay ||||||||| | ||
| 106 | _ar | ||
| 200 | 1 |
_aАлександр Дюма _fАнри Труайя _g[пер. с фр. А. Васильковой] |
|
| 210 |
_aМосква _cЭксмо _d2006 _eМожайск (Моск.обл.) _gМожайский полиграфкомбинат |
||
| 215 |
_a539, [1] с. _d21 |
||
| 225 | 1 | _aРоман-биография | |
| 600 | 1 |
_aДюма _bА. _f1802 - 1870 _gАлександр _xв художественной литературе _91030579 _3RU\NLR\auth\66395220 |
|
| 610 | 0 | _aФилологические науки. Художественная литература -- Франция -- Французская литература -- с 1945 г. -- Произведения художественной литературы -- Художественная проза -- Художественные биографии | |
| 686 |
_aШ5(4Фр)62-649.2 _2rubbk |
||
| 686 | _aШ5(4Фр)52-4Дюма 7 | ||
| 686 | _aШ6(4Фр)67-443{Лх1649-53} | ||
| 700 | 1 |
_4070 _8rus _7ca _aТруайя _bА. _f1911-2007 _gАнри _3RU\NLR\auth\779536 _9119362 |
|
| 801 | 0 |
_aRU _bРКП _c20060622 _grcr |
|
| 801 | 1 |
_aRU _bРГБ _c20060622 |
|
| 801 | 2 |
_aRU _bNLR _c20060830 _grcr |
|
| 942 | _cBOOK | ||
| 980 | _aNB | ||